BIBLIOTECA

SENCICO

Ingeniería fluvial (Registro nro. 1254)

Detalles MARC
000 -LEADER
fixed length control field 00916nam a2200253Ia 4500
005 - DATE AND TIME OF LATEST TRANSACTION
control field 20251020182505.0
008 - FIXED-LENGTH DATA ELEMENTS--GENERAL INFORMATION
fixed length control field 200515s9999 xx 000 0 und d
020 ## - INTERNATIONAL STANDARD BOOK NUMBER
International Standard Book Number 958-8060-11-7
082 ## - DEWEY DECIMAL CLASSIFICATION NUMBER
Classification number 626.81/M26
100 ## - MAIN ENTRY--PERSONAL NAME
Personal name Martín Vide, Juan Pedro
245 #0 - TITLE STATEMENT
Title Ingeniería fluvial
250 ## - EDITION STATEMENT
Edition statement 1a ed.
260 ## - PUBLICATION, DISTRIBUTION, ETC.
Place of publication, distribution, etc. Santafé de Bogotá, D.C.
260 ## - PUBLICATION, DISTRIBUTION, ETC.
Name of publisher, distributor, etc. EDICIONS UPC ; Centro Editorial, Escuela Colombiana de Ingeniería
260 ## - PUBLICATION, DISTRIBUTION, ETC.
Date of publication, distribution, etc. 1997
300 ## - PHYSICAL DESCRIPTION
Extent 291 p.
300 ## - PHYSICAL DESCRIPTION
Other physical details il., tbl., graf., fot., map.
500 ## - GENERAL NOTE
General note 1 ejemplar
520 ## - SUMMARY, ETC.
Summary, etc. Se expone de forma clara y concisa las teorías que han probado ser las mas acertadas para explicar los fenómenos involucrados en el flujo y el transporte de ríos. Se motiva la aplicación e ilustración de tales teorías en la sección de Problemas, seleccion
650 ## - SUBJECT ADDED ENTRY--TOPICAL TERM
Topical term or geographic name entry element HIDRAULICA
650 ## - SUBJECT ADDED ENTRY--TOPICAL TERM
Topical term or geographic name entry element INGENIERIA FLUVIAL
942 ## - ADDED ENTRY ELEMENTS (KOHA)
Koha item type Libros
Existencias
Fecha de la última vez que lo usaron Pago total Signatura topográfica completa Código de barras Precio efectivo desde Tipo de documento Estado perdido Estado dañado No es para préstamo Retirado Ubicación permanente Ubicación actual Fecha de adquisición
15/05/2020   626.81/M26 Bib-Lima15051254 15/05/2020 Libros         Biblioteca Central Lima Biblioteca Central Lima 15/05/2020